000 00575nam a22002177a 4500
003 UA-OsUOA
001 39950
007 ta
008 20060707b un ||||| |||| 00| 0 ukr d
100 _aВериківська І.
090 _a82
_bВ11
942 _cSA
040 _aUA-OsUOA
_bukr
_cUA-OsUOA
_dUA-OsUOA
245 _aНовий етап мистецького шевченкознавства
300 _aС.1,4
955 _a0
041 _aukr
080 _a82
773 0 _w39949
650 7 _a82 Література. Літературознавство
_2UDC
999 _c326092
_d326092